000 01084nam a2200277 a 4500
001 75033)
003 BD-RjUL
005 20220329145410.0
008 220329s1955 ua 000 0 ara d
035 _a(BD-RjUL)75033
040 _aNNL
_bara
_cBD-RjUL
041 _aara
082 _223
_a335.43
_bSHH 1955
100 1 _a[Shakir, Amin] شاكر، امين
_91090
245 1 0 _aحقيقة الشيوعية /[Ḥaqīqat al-shuyūʻīyah] /
_c أمين شاكر [و]سعيد العريان [و]على ادهم.; [Amīn Shākir; Saʻīd ʻUryān; ʻAlī Adʹham]
250 _a[5 th ed.] طبعة خامسة
260 _aمصر : [Miṣr] :
_bدار المعارف،[Dār al-Maʻārif],
_c[١٩٥٥].1955
300 _a١٩٩ص.199 p. ;
_c22 cm
490 1 _a[Ikhtarnā laka, 11 ]اخترنا لك ؛
_v١١
650 4 _aCommunism
_91272
650 4 _aSocialism
_9546
700 1 _a[Al-Arian, happy ]العريان، سعيد
_92124
700 1 _a[Al-Arian, happy ] أدهم، علي
_92125
830 0 _a[Ikhtarnā laka,] اخترنا لك ؛
_v١١.
_92126
942 _2ddc
_cBK
999 _c75033
_d75033